Zvýšenie efektivity pracovného výkonu zamestnancov logistiky uplatnením metodológie Lean Six Sigma

Na minha lista:
Detalhes bibliográficos
Autor principal: Gondža, Igor (Author)
Outros Autores: Mĺkva, Miroslava (Thesis advisor)
Formato: Manuscrito Livro
Idioma:eslovaco
Publicado em: 2025
Assuntos:
Acesso em linha:http://is.stuba.sk/zp/portal_zp.pl?podrobnosti=183760
Tags: Adicionar Tag
Sem tags, seja o primeiro a adicionar uma tag!

MARC

LEADER 00000ntm a22000003a 4500
001 stuzp103715
003 SK-STU
005 20250614212157.9
007 ta
008 150427s2015----xo-----f-mn---000-0-slo-d
040 |a STU  |b slo 
041 0 |a slo 
100 1 |a Gondža, Igor  |u 064000  |4 aut  |U MTF Materiálovotechnologická fakulta  |T MTF Ústav priemyselného inžinierstva a manažmentu  |X 110457  |U M4000  |Y 84  |7 110457 
242 0 1 |a Increasing the Work Performance Efficiency of Logistics Employees by Applying the Lean Six Sigma Methodology  |y eng 
245 1 0 |a Zvýšenie efektivity pracovného výkonu zamestnancov logistiky uplatnením metodológie Lean Six Sigma 
260 |c 2025 
650 4 |a DMAIC  |2 eng 
650 4 |a Lean Six Sigma  |2 eng 
650 4 |a Six Sigma  |2 eng 
650 4 |a Lean  |2 eng 
650 4 |a process improvement  |2 eng 
650 4 |a process  |2 eng 
650 4 |a DMAIC  |2 slo 
650 4 |a proces  |2 slo 
650 4 |a Lean Six Sigma  |2 slo 
650 4 |a Six Sigma  |2 slo 
650 4 |a Lean  |2 slo 
650 4 |a zlepšovanie procesov  |2 slo 
700 1 |a Mĺkva, Miroslava  |u 064000  |k Z1  |4 ths  |U MTF Materiálovotechnologická fakulta  |T MTF Ústav priemyselného inžinierstva a manažmentu  |X 4176  |U M4000  |Y 84  |7 A000004176 
856 4 |u http://is.stuba.sk/zp/portal_zp.pl?podrobnosti=183760 
996 |c M* DP-15531  |l MMSKP  |s P  |a 0  |w stuzp103715_0001